000 00314nam a2200133Ia 4500
005 20260328104245.0
008 260328s9999||||xx |||||||||||||| ||und||
100 _aPérez, Rafael
245 0 _aEl Agua /
_cRafael Pérez
260 _bEscala
300 _a194 p.
650 _aARQUITECTURA - CULTURA
942 _cBK
999 _c10053
_d10053